Rappers by Letter - Statistics

General Stats
  • This quiz has been taken 22 times
  • The average score is 7 of 26
Answer Stats
Letter Rapper/Rap Group % Correct
E Eminem
95%
D Drake
70%
B Biggie
55%
S Snoop Dogg
55%
T Tupac
55%
K Kendrick Lamar
50%
J Jay-Z
45%
A Andre 3000
30%
I Ice Cube
30%
N NWA
30%
C Coolio
20%
F Future
20%
P Post Malone
20%
X XXXTentacion
20%
M Method Man
15%
L LL Cool J
10%
Q Queen Latifah
10%
R Rakim
10%
V Vanilla Ice
10%
Y Young Thug
10%
G Ghostface Killah
5%
H Hoodie Allen
5%
O OutKast
5%
U U-God
5%
W Will Smith
5%
Z Z-Ro
5%
No matching quizzes found
Score Distribution
Percent of People with Each Score
Percentile by Number Answered
Your Score History
You have not taken this quiz